Undang-undang kontrak
| Main Author: | |
|---|---|
| Format: | Book |
| Published: |
Kuala Lumpur :
International Law Book Services ,
1990
|
| Subjects: |
MARC
| LEADER | 00000cam a2200000 7i4500 | ||
|---|---|---|---|
| 001 | 0000054382 | ||
| 005 | 20151105.0 | ||
| 008 | 151105 | ||
| 020 | |a 9678903008 | ||
| 090 | 0 | 0 | |a 340 |b MAJ |
| 100 | 0 | |a Major, WT | |
| 245 | 1 | 0 | |a Undang-undang kontrak |c WT Major |
| 260 | |a Kuala Lumpur : |b International Law Book Services , |c 1990 | ||
| 300 | |a 312pg. | ||
| 650 | 0 | |a Law--Malaysia | |
| 999 | |a 000181041 |b Book |c Adult Collection |e Cawangan Muar | ||